000 00608nam a2200217Ia 4500
003 OSt
005 20220215035342.0
008 151021s9999 xx 000 0 und d
020 _a1555421679
040 _aMMU
_beng
_cMMU
_dMMU
050 _aHD 30.28.B454 1989
100 _aBenveniste, Guy
245 _aMastering the Politics of Planning /
_cGuy Benveniste/
260 _aLondon :
_bJossey-Bass,
_c1989.
300 _axx, 314 p. :
500 _aIncludes index
500 _aIncludes index
650 _a_political Planning
942 _2lcc
_cLOAN LOAN
980 _a^d20130530 02:03:39^oanne
999 _c13920
_d13920